| 000 | 00950nam a2200229Ia 4500 | ||
|---|---|---|---|
| 999 |
_c53614 _d53614 |
||
| 001 | 20661 | ||
| 003 | GE_BSU | ||
| 005 | 20210227203746.0 | ||
| 008 | 181216s1986||||ge |||||||||||||| ||geo|| | ||
| 040 | _cGE_BSU | ||
| 041 | _ageo | ||
| 080 | _a7.01 ბ–86 | ||
| 100 |
_aბორევი, იური _910263 |
||
| 245 |
_aესთეტიკა / _cიური ბორევი ; რუსულიდან თარგმნეს რომან შენგელიამ და თამაზ ბუაჩიძემ. |
||
| 264 |
_aთბილისი : _bხელოვნება, _c1986. |
||
| 300 |
_a509 გვ. ; _c 22 სმ. |
||
| 653 | _aესთეტიკა | ||
| 653 | _aხელოვნება | ||
| 700 |
_aშენგელია, რომან _eმთარგმნელი _9909 |
||
| 700 |
_aბუაჩიძე, თამაზ _eმთარგმნელი _9389 |
||
| 942 |
_cBK _2udc |
||